Statistics for Countries that produce the most guns

Click here to take the quiz!

General Stats

  • This quiz has been taken 65 times
  • The average score is 8 of 10

Answer Stats

HintCountry% Correct
#2Russia
100%
#1United States
98%
#8China
97%
#10United Kingdom
95%
#5Germany
92%
#3France
87%
#7Italy
84%
#4Spain
76%
#6South Korea
65%
#9Netherlands
45%

Score Distribution

Percentile by Number Answered

Percent of People with Each Score

Your Score History

You have not taken this quiz